000 00443cam a2200181ua 4500
020 _c3.00
041 _ahin
_h
082 _a891.54
_bKAK/JE
100 _aKalelkar, Kakasaheb .
245 _aJeevan leela /
_cKakasaheb Kalelkar.
_hTextual Documents
250 _a1 /
_b.
260 _aAhmadabad :
_bNavajivan publishing house ,
_c1958.
300 _a444 ; .
365 _a3.00
504 _a
942 _cBK
999 _c6386
_d6386